000 00809cam a2200205 a 4500
001 000025729
005 20200930024014.0
008 760831s1964 sp 000 | spa d
041 _aspa
_hrus
_2Código de idioma MARC
082 _axxx
_bR446s
100 1 _aReuss, Josef María,
_952514
240 0 _aGeschlechtlichkeit und Liebe, Sexual padagogische Richtlinien und Hinweise.
_lEspañol
245 1 3 _aSexualidad y amor :
_bdirectrices para una pedagogía sexual /
_cJosef María Reuss ; versión de castellana Ismael Antich.
260 _aBarcelona :
_bHerder ,
_c1964.
300 _a186 p. ;
_c20 cm.
500 _aIncluye referencia al pie de páginas
534 _aTítulo original :
_tGeschlechtlichkeit und Liebe, Sexual padagogische Richtlinien und Hinweise.
049 _aBNGR
999 _c25221
_d25221
040 _aDO-SdBNP